I Can't Decide - Scissor Sisters (Lyrics) - Statistics

General Stats
  • This quiz has been taken 59 times
  • The average score is 240 of 321
Answer Stats
Lyrics % Correct
I
97%
a
94%
go
94%
you
94%
the
91%
to
91%
your
91%
and
88%
And
88%
can't
88%
decide
88%
don't
88%
Don't
88%
in
88%
it
88%
It
88%
It's
88%
it's
88%
should
88%
Whether
88%
be
85%
die
85%
for
85%
heaven
85%
live
85%
No
85%
Oh,
85%
or
85%
Or
85%
probably
85%
when
85%
why
85%
cry
82%
I'm
82%
you'll
82%
dead
79%
like
79%
me
79%
not
79%
Please
79%
We're
79%
were
79%
easy
76%
hang
76%
head
76%
ride
76%
time
76%
going
73%
inside
73%
kill
73%
my
73%
My
73%
now
73%
you're
73%
you've
73%
You've
73%
alive
70%
But
70%
cake
70%
could
70%
feed
70%
good
70%
got
70%
heart
70%
knife
70%
lake
70%
out
70%
people
70%
same
70%
That's
70%
throw
70%
****
67%
at
67%
both
67%
bury
67%
doors
67%
having
67%
I've
67%
kiss
67%
up
67%
wanna
67%
with
67%
wonder
67%
*****
64%
birthday
64%
blinds
64%
close
64%
cold
64%
crawl
64%
gone
64%
hard
64%
just
64%
Lock
64%
might
64%
petrified
64%
poisoned
64%
convincing
61%
feels
61%
gangster
61%
guy
61%
If
61%
miss
61%
rotten
61%
sleeping
61%
way
61%
yourself
61%
all
58%
baby
58%
bad
58%
forgotten
58%
gonna
58%
hand
58%
something
58%
won't
58%
angry
55%
cats
55%
deny
55%
fool
55%
made
55%
tonight
55%
you'd
55%
Curled
52%
gotten
52%
isn't
52%
lies
52%
litter
52%
played
52%
quitter
52%
takes
52%
by
48%
call
48%
everyone
48%
loner
48%
Pleasing
48%
rules
48%
Smells
48%
truth
48%
Dancing
45%
died
45%
get
45%
Greasing
45%
they
45%
those
45%
jigs
42%
stop
42%
bets
39%
betters
39%
crippled
39%
pickled
39%
until
39%
Watching
36%
drinks
33%
Slug
30%
ten
30%
four-letter
27%
No matching quizzes found
Score Distribution
Percent of People with Each Score
Percentile by Number Answered
Your Score History
You have not taken this quiz